000 00718nam a2200241 a 4500
001 45176
003 BD-RjUL
005 20211209053956.0
008 160724r1973 enk||||| |||| 00| 0 eng d
020 _a05200014219
035 _a(BD-RjUL)45294
040 _aBD-RjUL
_beng
_cBD-RjUL
_dBD-RjUL
041 _aeng
082 _223
_a309.154
_bSRS 1973
100 _aSrinivas, M. N.
_9138391
245 1 0 _aSocial change in modern India /
_cM. N. Srinivas
260 _aLondon :
_bUniversity of California Press,
_c1973
300 _axv, 194 :
_bill. ;
_c13 cm.
500 _aIncludes Index
651 _aIndia
_vSocial conditions
_y1947-
_9138392
651 _aInde
_vConditions sociales
_y1947-
_9138393
942 _2ddc
_cBK
999 _c45176
_d45176